00836cam a22002411 450000100060000000300080000600500170001400800410003103500190007203500190009104000330011004100080014308200230015110000320017424500880020626000590029430000440035349000500039750400410044765000320048865000250052065100490054525453BD-RjUL20211209050900.0140318s1945 enk 001 0 eng d a(BD-RjUL)25523 a(OCoLC)1597574 aDLCcOClUdDLCdBD-RjULbeng aeng00a354.4301bBRF 19451 aBrecht, Arnold,d1884-1977.10aFederalism and regionalism in Germany :bthe division of Prussia /c Arnold Brecht, aNew York ;aLondon :bOxford University Press,c1945. axvi, 202 p. :billus. (maps.) ;c22 cm.0 aInstitute of world affairs. Monograph series aBibliographical footnotes. and Index 0aFederal governmentzGermany 0aRegionalismzGermany 0aGermanyxPolitics and governmenty1918-1933.